[Event "Madrid ch Veteranos  2019-2020"]
[Site "Maddrid ESP"]
[Date "2020.01.16"]
[Round "4.11"]
[White "Gonzalez-Ruano Perez, Cesar"]
[Black "Vazquez Gonzalez, Francisco"]
[Result "0-1"]
[WhiteElo "1837"]
[BlackElo "1931"]
[PlyCount "84"]
[EventDate "2020.01.13"]
[EventType "swiss"]
[EventRounds "9"]
[EventCountry "ESP"]
[SourceTitle "Ajedrez en Madrid"]
[Source "lmi"]
[SourceDate "2020.01.13"]
[SourceVersion "1"]
[SourceVersionDate "2020.01.27"]
[SourceQuality "1"]

1. e4 e5 2. Nf3 Nc6 3. Nc3 Nf6 4. d4 exd4 5. Nd5 Nxd5 6. exd5 Qe7+ 7. Be2 d3 8.
Qxd3 Nb4 9. Qb3 Qe4 10. O-O a5 11. Bd3 Nxd3 12. cxd3 Qb4 13. Re1+ Be7 14. d6
Qxd6 15. Bg5 f6 16. Bh4 Qb4 17. Qd5 c6 18. Qh5+ g6 19. Qh6 Kf7 20. Re4 Bf8 21.
Qe3 Bc5 22. Qf4 Qxb2 23. Rae1 Rf8 24. d4 d5 25. Qxf6+ Kg8 26. Re8 Bd7 27. Rxa8
Rxa8 28. dxc5 Qxf6 29. Bxf6 Kf7 30. Re7+ Kxf6 31. Rxd7 a4 32. Rxb7 Ra5 33. Rb4
Rxc5 34. g4 Rc3 35. Kg2 a3 36. Ra4 c5 37. Ra6+ Ke7 38. Ng5 c4 39. h4 Rd3 40.
Kf1 c3 41. Re6+ Kd7 42. Re2 Rd1+ 0-1

[Event "Madrid ch Veteranos  2019-2020"]
[Site "Maddrid ESP"]
[Date "2020.01.16"]
[Round "4.12"]
[White "Marin Aso, Jose Luis"]
[Black "Calderon Martin, Antonio"]
[Result "1-0"]
[WhiteElo "1907"]
[BlackElo "1614"]
[PlyCount "117"]
[EventDate "2020.01.13"]
[EventType "swiss"]
[EventRounds "9"]
[EventCountry "ESP"]
[SourceTitle "Ajedrez en Madrid"]
[Source "lmi"]
[SourceDate "2020.01.13"]
[SourceVersion "1"]
[SourceVersionDate "2020.01.27"]
[SourceQuality "1"]

1. c4 e5 2. Nc3 Nc6 3. Nf3 d6 4. d4 exd4 5. Nxd4 Nxd4 6. Qxd4 Qf6 7. Qxf6 Nxf6
8. Nb5 Kd8 9. Bg5 Be7 10. f3 a6 11. Nc3 Be6 12. e4 Nd7 13. Bxe7+ Kxe7 14. Be2
Rhe8 15. O-O Kf8 16. b3 f6 17. f4 Bf7 18. Bf3 Rab8 19. Rad1 Kg8 20. Rfe1 Nc5
21. g3 b6 22. b4 Nd7 23. Bg4 Nf8 24. Nd5 h5 25. Bf3 Bxd5 26. cxd5 g6 27. Rc1
Re7 28. Rc3 Rb7 29. e5 fxe5 30. fxe5 Rb8 31. e6 Nh7 32. Rec1 Rb7 33. Ra3 Ra7
34. Be2 a5 35. Bb5 Nf6 36. Bc6 Kg7 37. bxa5 Rxa5 38. Rxa5 bxa5 39. Rb1 Ne4 40.
Rb5 a4 41. Rb4 Nc5 42. Bxa4 Nxa4 43. Rxa4 Re8 44. Rf4 Ra8 45. Rf7+ Kg8 46. Rxc7
Rxa2 47. Rc6 Re2 48. Rxd6 Kf8 49. Rd7 Re5 50. Kf2 g5 51. Kf3 Re1 52. Rf7+ Ke8
53. Rf5 g4+ 54. Kf4 h4 55. Kxg4 hxg3 56. hxg3 Ke7 57. Rf7+ Ke8 58. Kf5 Rf1+ 59.
Ke5 1-0

[Event "Madrid ch Veteranos  2019-2020"]
[Site "Maddrid ESP"]
[Date "2020.01.16"]
[Round "4.13"]
[White "Sanchez Peral, Pedro"]
[Black "Esteban Amo, Jose M."]
[Result "0-1"]
[WhiteElo "1818"]
[BlackElo "1905"]
[PlyCount "68"]
[EventDate "2020.01.13"]
[EventType "swiss"]
[EventRounds "9"]
[EventCountry "ESP"]
[SourceTitle "Ajedrez en Madrid"]
[Source "lmi"]
[SourceDate "2020.01.13"]
[SourceVersion "1"]
[SourceVersionDate "2020.01.27"]
[SourceQuality "1"]

1. e4 c5 2. Nf3 g6 3. d4 cxd4 4. Qxd4 Nf6 5. e5 Nc6 6. Qa4 Nd5 7. Qe4 Nb6 8.
Bb5 Bg7 9. O-O a6 10. Bxc6 dxc6 11. Nc3 Bf5 12. Qh4 O-O 13. Bh6 f6 14. Bxg7
Kxg7 15. Rad1 Qc7 16. exf6+ exf6 17. Nd4 Bd7 18. Rd2 Rae8 19. Rfd1 Re7 20. Nf3
Bf5 21. Nd4 Bc8 22. Nf3 Rfe8 23. h3 Bf5 24. Qb4 c5 25. Qh4 g5 26. Qg3 Qxg3 27.
fxg3 Nc4 28. g4 Nxd2 29. Rxd2 Be4 30. Kf2 Bc6 31. Ne2 Rd7 32. Ng3 Rxd2+ 33.
Nxd2 Kg6 34. Nf5 Bxg2 0-1

[Event "Madrid ch Veteranos  2019-2020"]
[Site "Maddrid ESP"]
[Date "2020.01.16"]
[Round "4.14"]
[White "Garcia Galeote, Lorenzo"]
[Black "Nevado Muñoz, Rafael"]
[Result "1-0"]
[WhiteElo "1901"]
[BlackElo "1467"]
[PlyCount "73"]
[EventDate "2020.01.13"]
[EventType "swiss"]
[EventRounds "9"]
[EventCountry "ESP"]
[SourceTitle "Ajedrez en Madrid"]
[Source "lmi"]
[SourceDate "2020.01.13"]
[SourceVersion "1"]
[SourceVersionDate "2020.01.27"]
[SourceQuality "1"]

1. d4 d5 2. Nf3 c5 3. e3 Nc6 4. b3 Nf6 5. Bb2 Bg4 6. h3 Bh5 7. Be2 e6 8. O-O
Be7 9. Ne5 Bxe2 10. Qxe2 Qc7 11. Na3 a6 12. Nxc6 bxc6 13. dxc5 Bxc5 14. c4 Qe7
15. Nc2 e5 16. a3 a5 17. b4 axb4 18. axb4 Rxa1 19. Rxa1 Ba7 20. b5 cxb5 21.
cxd5 O-O 22. Ba3 Bc5 23. Qxb5 Rc8 24. Bxc5 Qc7 25. Ra7 Qd8 26. Qb7 Qe8 27. d6
Rb8 28. Qe7 h6 29. Qxe8+ Rxe8 30. Bb6 Rb8 31. Bc7 Rb1+ 32. Kh2 Rb2 33. Ne1 e4
34. Kg1 Kh7 35. Ba5 Rb1 36. d7 Rd1 37. d8=Q 1-0

[Event "Madrid ch Veteranos  2019-2020"]
[Site "Maddrid ESP"]
[Date "2020.01.16"]
[Round "4.16"]
[White "Cruz Gonzalez, Antonio"]
[Black "Martin Rodriguez, Emilio"]
[Result "0-1"]
[WhiteElo "1737"]
[BlackElo "2026"]
[PlyCount "66"]
[EventDate "2020.01.13"]
[EventType "swiss"]
[EventRounds "9"]
[EventCountry "ESP"]
[SourceTitle "Ajedrez en Madrid"]
[Source "lmi"]
[SourceDate "2020.01.13"]
[SourceVersion "1"]
[SourceVersionDate "2020.01.27"]
[SourceQuality "1"]

1. e4 c6 2. d3 d5 3. Nd2 g6 4. Ngf3 Bg7 5. g3 Nf6 6. Bg2 e6 7. O-O O-O 8. e5
Nfd7 9. Re1 c5 10. c3 Nc6 11. d4 a5 12. a4 b6 13. Nb1 Ba6 14. Na3 Rc8 15. Bg5
Qe8 16. Bf1 c4 17. Qd2 f6 18. exf6 Nxf6 19. Bxf6 Rxf6 20. Bh3 Rxf3 21. Bxe6+
Kh8 22. Bxd5 Qf8 23. Re6 Rf6 24. Re4 Ne7 25. Bxc4 Rxc4 26. Nxc4 Bxc4 27. Rae1
Ng8 28. Re8 Qd6 29. Qe3 Bd5 30. f4 Bc6 31. Re6 Qd5 32. Re4 Re6 33. c4 Qxe4 0-1

[Event "Madrid ch Veteranos  2019-2020"]
[Site "Maddrid ESP"]
[Date "2020.01.16"]
[Round "4.17"]
[White "Serrano Baylin, Francisco"]
[Black "Lopez Heras, Arturo"]
[Result "1-0"]
[WhiteElo "1956"]
[BlackElo "1742"]
[PlyCount "72"]
[EventDate "2020.01.13"]
[EventType "swiss"]
[EventRounds "9"]
[EventCountry "ESP"]
[SourceTitle "Ajedrez en Madrid"]
[Source "lmi"]
[SourceDate "2020.01.13"]
[SourceVersion "1"]
[SourceVersionDate "2020.01.27"]
[SourceQuality "1"]

1. c4 Nf6 2. g3 d5 3. Bg2 g6 4. Nf3 Bg7 5. O-O O-O 6. cxd5 Nxd5 7. d4 c5 8. e4
Nb4 9. a3 N4a6 10. d5 Nd7 11. Nc3 Nc7 12. Bf4 Re8 13. Re1 Nb6 14. Qe2 Bg4 15.
h3 Bd7 16. Rad1 Na4 17. Be5 Nxc3 18. bxc3 Bxe5 19. Nxe5 Nb5 20. Qb2 Rb8 21.
Nxd7 Qxd7 22. e5 a6 23. h4 Qc7 24. a4 Na7 25. h5 b5 26. hxg6 hxg6 27. Qc2 Kg7
28. Re4 Rh8 29. d6 Qd7 30. e6 fxe6 31. Rg4 Rh6 32. Be4 exd6 33. Bxg6 Kf6 34.
Qe4 Ke7 35. Qf4 Rbh8 36. Qg5+ Kf8 1-0

[Event "Madrid ch Veteranos  2019-2020"]
[Site "Maddrid ESP"]
[Date "2020.01.16"]
[Round "4.19"]
[White "Vukotic Jovsic, Dragan"]
[Black "Campos Calvo-Sotelo, Juan"]
[Result "0-1"]
[WhiteElo "1918"]
[BlackElo "1850"]
[PlyCount "60"]
[EventDate "2020.01.13"]
[EventType "swiss"]
[EventRounds "9"]
[EventCountry "ESP"]
[SourceTitle "Ajedrez en Madrid"]
[Source "lmi"]
[SourceDate "2020.01.13"]
[SourceVersion "1"]
[SourceVersionDate "2020.01.27"]
[SourceQuality "1"]

1. e4 a6 2. d4 b5 3. Bd3 e6 4. Nc3 c5 5. dxc5 Bxc5 6. Qh5 Qb6 7. Nh3 Nc6 8. Bg5
Bb7 9. O-O-O Nf6 10. Qh4 O-O-O 11. Bxf6 gxf6 12. Qxf6 Bd4 13. Qf4 Bxc3 14. bxc3
Qa5 15. Qf6 Rhg8 16. Nf4 b4 17. Kd2 Ne5 18. cxb4 Qxb4+ 19. Ke2 Ng4 20. Rb1 Qc5
21. Qb2 Qxf2+ 22. Kd1 Qa7 23. Re1 Nf2+ 24. Kd2 Nxd3 25. cxd3 Rg5 26. Rec1+ Kb8
27. Qc3 Ka8 28. Qf6 Qf2+ 29. Kd1 Qf1+ 30. Kd2 Rxg2+ 0-1

[Event "Madrid ch Veteranos  2019-2020"]
[Site "Maddrid ESP"]
[Date "2020.01.16"]
[Round "4.20"]
[White "Tudela Garcia, Antonio"]
[Black "De Paz Nistal, Santiago"]
[Result "0-1"]
[WhiteElo "1567"]
[BlackElo "1920"]
[PlyCount "54"]
[EventDate "2020.01.13"]
[EventType "swiss"]
[EventRounds "9"]
[EventCountry "ESP"]
[SourceTitle "Ajedrez en Madrid"]
[Source "lmi"]
[SourceDate "2020.01.13"]
[SourceVersion "1"]
[SourceVersionDate "2020.01.27"]
[SourceQuality "1"]

1. e4 c6 2. d4 d5 3. e5 Bf5 4. Ne2 e6 5. Ng3 Bg6 6. h4 h6 7. h5 Bh7 8. Bd3 Bxd3
9. Qxd3 Qb6 10. f4 c5 11. a4 cxd4 12. Nd2 Nc6 13. Nb3 Bb4+ 14. Bd2 Bxd2+ 15.
Qxd2 Rc8 16. Ne2 Nge7 17. a5 Qb5 18. g4 d3 19. Nc3 Qc4 20. Ra4 Nb4 21. Rxb4
Qxb4 22. Qxd3 Qxf4 23. Qb5+ Nc6 24. Qxb7 Qxe5+ 25. Kd2 O-O 26. Rf1 Rc7 27. Qb5
Qg5+ 0-1

[Event "Madrid ch Veteranos  2019-2020"]
[Site "Maddrid ESP"]
[Date "2020.01.16"]
[Round "4.21"]
[White "Barahona Torrijos, Angel"]
[Black "Lopez Guitian, Juan J."]
[Result "1-0"]
[WhiteElo "1857"]
[BlackElo "1509"]
[PlyCount "92"]
[EventDate "2020.01.13"]
[EventType "swiss"]
[EventRounds "9"]
[EventCountry "ESP"]
[SourceTitle "Ajedrez en Madrid"]
[Source "lmi"]
[SourceDate "2020.01.13"]
[SourceVersion "1"]
[SourceVersionDate "2020.01.27"]
[SourceQuality "1"]

1. d4 Nf6 2. Bg5 d5 3. e3 Nbd7 4. Bd3 h6 5. Bh4 g5 6. Bg3 Bg7 7. Nd2 c6 8. Ngf3
Qb6 9. Qb1 Nh5 10. Be5 Nxe5 11. Nxe5 Qc7 12. Qd1 Nf6 13. O-O Be6 14. f4 gxf4
15. exf4 h5 16. c3 Ng4 17. Qe1 Nxe5 18. fxe5 O-O-O 19. Nf3 Bh6 20. Nh4 Rdg8 21.
Rf3 Qd8 22. Nf5 Bxf5 23. Rxf5 Qf8 24. Qf2 Qg7 25. Re1 Rf8 26. c4 e6 27. Rf3 h4
28. cxd5 cxd5 29. Rf1 Rhg8 30. g3 hxg3 31. Rxg3 Bg5 32. Kh1 Qh6 33. Rfg1 Kb8
34. Qg2 Qh5 35. Be2 Qh4 36. Rg4 Qh7 37. Rxg5 Rxg5 38. Qxg5 Qe4+ 39. Qg2 Qxd4
40. Bh5 Qxe5 41. Bxf7 Rh8 42. Qg3 Qxg3 43. Rxg3 Rc8 44. Bxe6 Rc1+ 45. Rg1 Rc2
46. Rg8+ Kc7 1-0

[Event "Madrid ch Veteranos  2019-2020"]
[Site "Maddrid ESP"]
[Date "2020.01.16"]
[Round "4.22"]
[White "Villodre Miranda, Juan Alonso"]
[Black "Yeves Miquel, Enrique"]
[Result "1-0"]
[WhiteElo "1567"]
[BlackElo "1789"]
[PlyCount "32"]
[EventDate "2020.01.13"]
[EventType "swiss"]
[EventRounds "9"]
[EventCountry "ESP"]
[SourceTitle "Ajedrez en Madrid"]
[Source "lmi"]
[SourceDate "2020.01.13"]
[SourceVersion "1"]
[SourceVersionDate "2020.01.27"]
[SourceQuality "1"]

1. c4 Nf6 2. Nc3 d5 3. cxd5 Nxd5 4. g3 g6 5. Bg2 Nb6 6. e3 c5 7. Nge2 Bg7 8.
Na4 N8d7 9. d4 cxd4 10. Nxd4 O-O 11. O-O Nxa4 12. Qxa4 Qb6 13. Rd1 Ne5 14. Bd2
a5 15. Bc3 Bd7 16. Qa3 Qa6 1-0

[Event "Madrid ch Veteranos  2019-2020"]
[Site "Maddrid ESP"]
[Date "2020.01.16"]
[Round "4.23"]
[White "Hernandez Gutierrez, Jose"]
[Black "Prieto Gonzalez, Cesar"]
[Result "0-1"]
[WhiteElo "1785"]
[BlackElo "1480"]
[PlyCount "114"]
[EventDate "2020.01.13"]
[EventType "swiss"]
[EventRounds "9"]
[EventCountry "ESP"]
[SourceTitle "Ajedrez en Madrid"]
[Source "lmi"]
[SourceDate "2020.01.13"]
[SourceVersion "1"]
[SourceVersionDate "2020.01.27"]
[SourceQuality "1"]

1. d4 d6 2. c4 Nf6 3. Nf3 Nbd7 4. Nc3 e5 5. g3 g6 6. Bg2 Bg7 7. O-O c6 8. e4
Qc7 9. h3 O-O 10. Be3 h6 11. Qc2 Re8 12. Rad1 b6 13. Rd2 Bb7 14. Rfd1 Rad8 15.
b4 a6 16. dxe5 dxe5 17. a3 Kh7 18. Kh2 Rc8 19. Rc1 Bf8 20. Ne1 c5 21. b5 a5 22.
Rcd1 Red8 23. f3 Be7 24. Qc1 h5 25. Bg5 Nf8 26. h4 Rxd2 27. Rxd2 Rd8 28. Bh3
Rxd2+ 29. Qxd2 Qd8 30. Qxd8 Bxd8 31. Na4 Kg7 32. Nc2 N8h7 33. Bd2 Ne8 34. Ne3
Nd6 35. Bf1 Nf8 36. Bh3 f6 37. Nc3 Kf7 38. Kg1 Ne6 39. Bxe6+ Kxe6 40. Kf2 f5
41. exf5+ gxf5 42. Ne2 f4 43. gxf4 Bxh4+ 44. Kg2 e4 45. f5+ Kf7 46. f4 Nxc4 47.
Bc1 Nxe3+ 48. Bxe3 Bf6 49. Ng3 h4 50. Ne2 Bb2 51. Bf2 Bf6 52. Kh3 Bc8 53. Kg4
h3 54. Ng3 h2 55. Nh1 Bd4 56. Bxd4 cxd4 57. Nf2 e3 0-1

[Event "Madrid ch Veteranos  2019-2020"]
[Site "Maddrid ESP"]
[Date "2020.01.16"]
[Round "4.24"]
[White "Abad Martin-Camuñas, Luis"]
[Black "Fernandez Garcia, Ignacio"]
[Result "0-1"]
[WhiteElo "1394"]
[BlackElo "1770"]
[PlyCount "102"]
[EventDate "2020.01.13"]
[EventType "swiss"]
[EventRounds "9"]
[EventCountry "ESP"]
[SourceTitle "Ajedrez en Madrid"]
[Source "lmi"]
[SourceDate "2020.01.13"]
[SourceVersion "1"]
[SourceVersionDate "2020.01.27"]
[SourceQuality "1"]

1. e4 e6 2. d4 d5 3. Nd2 Nf6 4. e5 Nfd7 5. Bd3 c5 6. c3 Nc6 7. Ngf3 Be7 8. O-O
Qb6 9. dxc5 Nxc5 10. Bc2 Nd7 11. Qe2 Qc7 12. Re1 b6 13. Nb3 a5 14. Bf4 Ba6 15.
Qe3 Bc5 16. Nbd4 b5 17. a3 b4 18. axb4 axb4 19. Bd3 Qb6 20. Rxa6 Rxa6 21. Bxa6
Qxa6 22. Qd2 bxc3 23. Qxc3 Nxd4 24. Nxd4 O-O 25. b4 Bxd4 26. Qxd4 Ra8 27. Bd2
Qb6 28. Qc3 Qb8 29. Qg3 Kh8 30. Bc3 Ra3 31. h3 d4 32. Qd3 Rxc3 33. Qxd4 Qc8 34.
Rd1 Nf8 35. b5 Rc1 36. b6 Rxd1+ 37. Qxd1 Qb8 38. Qd6 Qxd6 39. exd6 Nd7 40. b7
e5 41. Kf1 f6 42. Ke2 Kg8 43. Kd3 Kf7 44. Kc4 Ke6 45. Kb5 Kxd6 46. Ka6 f5 47.
g3 g5 48. Ka7 f4 49. b8=Q+ Nxb8 50. Kxb8 fxg3 51. fxg3 e4 0-1

[Event "Madrid ch Veteranos  2019-2020"]
[Site "Maddrid ESP"]
[Date "2020.01.16"]
[Round "4.25"]
[White "Ortiz Landeira, Jose Antonio"]
[Black "Menendez Domens, Juan Manuel"]
[Result "1-0"]
[WhiteElo "1760"]
[BlackElo "1439"]
[PlyCount "85"]
[EventDate "2020.01.13"]
[EventType "swiss"]
[EventRounds "9"]
[EventCountry "ESP"]
[SourceTitle "Ajedrez en Madrid"]
[Source "lmi"]
[SourceDate "2020.01.13"]
[SourceVersion "1"]
[SourceVersionDate "2020.01.27"]
[SourceQuality "1"]

1. c4 e5 2. Nc3 Nf6 3. g3 g6 4. Bg2 Bg7 5. d3 O-O 6. Bg5 c6 7. Qc1 Qc7 8. Bh6
Qa5 9. Bxg7 Kxg7 10. a3 Qc5 11. b4 Qe7 12. Qb2 d6 13. e3 Bf5 14. Rd1 Na6 15.
Nge2 Rab8 16. O-O Qe6 17. Rfe1 Kg8 18. Qa2 Nc7 19. d4 e4 20. d5 cxd5 21. Nf4
Qd7 22. Nfxd5 Ncxd5 23. Nxd5 Nxd5 24. Rxd5 Be6 25. Rd4 b5 26. Bxe4 bxc4 27. Bd5
Bh3 28. Bxc4 Qf5 29. Bf1 Bxf1 30. Rxf1 Rbd8 31. Rfd1 Rc8 32. Qd5 Qc2 33. Qxd6
Qb2 34. R4d3 Rc2 35. R3d2 Rxd2 36. Rxd2 Qxa3 37. Qc5 a5 38. Rd4 a4 39. Kg2 Rb8
40. Qe5 Ra8 41. Qe4 Rb8 42. b5 Rxb5 43. Qe8+ 1-0

[Event "Madrid ch Veteranos  2019-2020"]
[Site "Maddrid ESP"]
[Date "2020.01.16"]
[Round "4.26"]
[White "Suarez Mencia, Roberto"]
[Black "Corredor Gonzalez, Angel L."]
[Result "0-1"]
[WhiteElo "1387"]
[BlackElo "1733"]
[PlyCount "68"]
[EventDate "2020.01.13"]
[EventType "swiss"]
[EventRounds "9"]
[EventCountry "ESP"]
[SourceTitle "Ajedrez en Madrid"]
[Source "lmi"]
[SourceDate "2020.01.13"]
[SourceVersion "1"]
[SourceVersionDate "2020.01.27"]
[SourceQuality "1"]

1. c4 e5 2. g3 Nc6 3. Bg2 f5 4. e3 Nf6 5. Ne2 d5 6. cxd5 Nxd5 7. Nbc3 Ndb4 8.
d4 e4 9. Nf4 g6 10. a3 Na6 11. d5 Ne5 12. Qd4 Bg7 13. Qa4+ c6 14. O-O Nc5 15.
Qc2 cxd5 16. Ncxd5 Na6 17. Rd1 O-O 18. Qb3 Kh8 19. Nb4 Qb6 20. Qd5 Nc7 21. Qb3
a5 22. Nfd5 Nxd5 23. Qa4 Nxb4 24. axb4 Be6 25. bxa5 Qb3 26. Rd6 Rac8 27. Ra3
Rxc1+ 28. Bf1 Qxa4 29. Rxa4 Bg8 30. Rb6 Rd8 31. Rxb7 Rdd1 32. g4 Rxf1+ 33. Kg2
Rg1+ 34. Kh3 fxg4+ 0-1

[Event "Madrid ch Veteranos  2019-2020"]
[Site "Maddrid ESP"]
[Date "2020.01.16"]
[Round "4.27"]
[White "Lopez Orellana, Federico"]
[Black "Infante Martin, Alonso"]
[Result "1-0"]
[WhiteElo "1714"]
[BlackElo "1362"]
[PlyCount "67"]
[EventDate "2020.01.13"]
[EventType "swiss"]
[EventRounds "9"]
[EventCountry "ESP"]
[SourceTitle "Ajedrez en Madrid"]
[Source "lmi"]
[SourceDate "2020.01.13"]
[SourceVersion "1"]
[SourceVersionDate "2020.01.27"]
[SourceQuality "1"]

1. d4 d5 2. Nc3 e6 3. Bf4 c6 4. e3 Nf6 5. Nf3 Nbd7 6. Bd3 Be7 7. Ne5 Nf8 8. Qf3
Ng6 9. Bg3 Nxe5 10. dxe5 Nd7 11. Qg4 g6 12. h4 Qb6 13. Rb1 Bb4 14. O-O Qa5 15.
Ne2 Be7 16. a3 Qb6 17. c3 Qd8 18. e4 h5 19. Qh3 Nc5 20. Bc2 dxe4 21. Rbd1 Qc7
22. Nd4 O-O 23. b4 Nd3 24. Bxd3 exd3 25. Rxd3 a6 26. Rfd1 c5 27. Nf3 cxb4 28.
cxb4 b5 29. Ng5 Qb6 30. Bf4 Qb7 31. Qe3 Rd8 32. Rxd8+ Bxd8 33. Rxd8+ Kg7 34.
Qc5 1-0

[Event "Madrid ch Veteranos  2019-2020"]
[Site "Maddrid ESP"]
[Date "2020.01.16"]
[Round "4.28"]
[White "Bellagamba, Pascal"]
[Black "Perales Hernandez, Manuel"]
[Result "1-0"]
[WhiteElo "1635"]
[BlackElo "1300"]
[PlyCount "147"]
[EventDate "2020.01.13"]
[EventType "swiss"]
[EventRounds "9"]
[EventCountry "ESP"]
[SourceTitle "Ajedrez en Madrid"]
[Source "lmi"]
[SourceDate "2020.01.13"]
[SourceVersion "1"]
[SourceVersionDate "2020.01.27"]
[SourceQuality "1"]

1. e4 e5 2. Nc3 Bc5 3. Bc4 c6 4. Nf3 d6 5. h3 h6 6. d3 Nf6 7. Bd2 Qb6 8. O-O
Qd8 9. Bb3 Bd7 10. Re1 g5 11. Nh2 Rg8 12. Ng4 Bxg4 13. hxg4 Qc8 14. Qf3 Rg7 15.
Qxf6 Kf8 16. Bxf7 Nd7 17. Qxh6 Kxf7 18. Qh5+ Kg8 19. Bxg5 Qf8 20. Rf1 Nf6 21.
Bxf6 Qxf6 22. Qf5 Qh4 23. Qh5 Qxg4 24. Qxg4 Rxg4 25. Na4 Bb4 26. c3 Ba5 27. b4
Bd8 28. Nb2 b5 29. Nd1 Bb6 30. Ne3 Rg5 31. Rae1 Kf7 32. g3 Ke6 33. Kg2 a5 34.
a3 axb4 35. axb4 Ra3 36. Rc1 Ra2 37. Rc2 Ra8 38. Nf5 d5 39. Rd2 Ra3 40. Rc2 Ra8
41. Rh1 Rg6 42. Rh7 Ra7 43. Rxa7 Bxa7 44. Ra2 Bb8 45. Ra6 Kd7 46. exd5 Rg5 47.
dxc6+ Kd8 48. Ne3 Ke7 49. Nd5+ Kf7 50. c7 Bxc7 51. Nxc7 Ke7 52. Nxb5 e4 53.
Ra7+ Kd8 54. c4 exd3 55. Ra6 Rg4 56. Rd6+ Ke7 57. Rxd3 Rxc4 58. Rd4 Rc8 59. Na3
Rb8 60. b5 Ke6 61. f4 Ra8 62. Nc4 Ra4 63. b6 Rb4 64. Kf3 Kf5 65. b7 Rb3+ 66.
Kg2 Kg4 67. Ne5+ Kf5 68. Rd7 Rb2+ 69. Kh3 Rb1 70. Nc6 Ke6 71. b8=Q Rh1+ 72. Kg2
Re1 73. Qe8+ Kf5 74. Rd5+ 1-0

[Event "Madrid ch Veteranos  2019-2020"]
[Site "Maddrid ESP"]
[Date "2020.01.16"]
[Round "4.30"]
[White "Perez Ramos, Miguel Angel"]
[Black "Martinez Pintor, Juan"]
[Result "1/2-1/2"]
[WhiteElo "1122"]
[BlackElo "1577"]
[PlyCount "118"]
[EventDate "2020.01.13"]
[EventType "swiss"]
[EventRounds "9"]
[EventCountry "ESP"]
[SourceTitle "Ajedrez en Madrid"]
[Source "lmi"]
[SourceDate "2020.01.13"]
[SourceVersion "1"]
[SourceVersionDate "2020.01.27"]
[SourceQuality "1"]

1. e4 e6 2. d4 d5 3. e5 c5 4. Nf3 Nc6 5. c3 Qb6 6. Be2 cxd4 7. Nxd4 Nxe5 8. b3
Nf6 9. Be3 Qd8 10. h3 Bd7 11. Nd2 Nc6 12. Nxc6 Bxc6 13. Bd4 Bd6 14. Be3 O-O 15.
c4 Bb4 16. O-O d4 17. Bg5 e5 18. Bd3 Qd6 19. f3 Nd7 20. Be4 Bxd2 21. Qxd2 Bxe4
22. fxe4 Qg6 23. Rae1 Rac8 24. Rf5 f6 25. Bh4 Nc5 26. g4 a5 27. Kh2 b6 28. Bg3
Rcd8 29. Bf2 Qe8 30. Bh4 Qc6 31. Qg2 g5 32. Bf2 Nd3 33. Rf1 Nf4 34. Qf3 Qd6 35.
Bg3 Ng6 36. Rxf6 Rxf6 37. Qxf6 Qxf6 38. Rxf6 d3 39. Rf1 Nf4 40. Rd1 Kf7 41. Bf2
Rd6 42. c5 bxc5 43. Bxc5 Rc6 44. Be3 Rc2+ 45. Kh1 Nxh3 46. Rxd3 Ke6 47. Bb6
Rxa2 48. Rxh3 Re2 49. Rh6+ Kd7 50. Rxh7+ Kc6 51. Bd8 Rxe4 52. Rh6+ Kd5 53. Rh5
Rxg4 54. Bxa5 e4 55. Rh8 Kd4 56. b4 e3 57. Bb6+ Kc4 58. Bxe3 Rh4+ 59. Rxh4+
gxh4 1/2-1/2

[Event "Madrid ch Veteranos  2019-2020"]
[Site "Maddrid ESP"]
[Date "2020.01.16"]
[Round "4.31"]
[White "Diaz Begonte, Manuel"]
[Black "Maseda Iglesias, Luis"]
[Result "0-1"]
[WhiteElo "1507"]
[BlackElo "1722"]
[PlyCount "72"]
[EventDate "2020.01.13"]
[EventType "swiss"]
[EventRounds "9"]
[EventCountry "ESP"]
[SourceTitle "Ajedrez en Madrid"]
[Source "lmi"]
[SourceDate "2020.01.13"]
[SourceVersion "1"]
[SourceVersionDate "2020.01.27"]
[SourceQuality "1"]

1. e4 d6 2. d4 Nf6 3. Nc3 Nbd7 4. Be3 e5 5. Nf3 Be7 6. Bc4 O-O 7. O-O c6 8. h3
b5 9. Bd3 a5 10. a3 Bb7 11. d5 cxd5 12. exd5 b4 13. Ne4 Nxd5 14. Bg5 f6 15. Bc4
N7b6 16. Bxd5+ Bxd5 17. Nxf6+ Bxf6 18. Be3 Bxf3 19. Qxf3 Kh8 20. axb4 Nc4 21.
Qd5 Nxe3 22. fxe3 axb4 23. Rxa8 Qxa8 24. Qxd6 Qb8 25. Qd3 Rd8 26. Qe4 Qd6 27.
b3 Qd5 28. Qxb4 e4 29. Qb6 Be7 30. Qc7 Qc5 31. Qf4 Qxc2 32. Qf7 Qc5 33. Kh1 Rf8
34. Qc4 Rxf1+ 35. Qxf1 Qxe3 36. Qd1 Qd3 0-1

[Event "Madrid ch Veteranos  2019-2020"]
[Site "Maddrid ESP"]
[Date "2020.01.16"]
[Round "4.32"]
[White "Becerra Baigorri, Jose"]
[Black "Beekhof Harmsen, Willen"]
[Result "0-1"]
[WhiteElo "1633"]
[BlackElo "1470"]
[PlyCount "113"]
[EventDate "2020.01.13"]
[EventType "swiss"]
[EventRounds "9"]
[EventCountry "ESP"]
[SourceTitle "Ajedrez en Madrid"]
[Source "lmi"]
[SourceDate "2020.01.13"]
[SourceVersion "1"]
[SourceVersionDate "2020.01.27"]
[SourceQuality "1"]

1. e4 e5 2. Nf3 d6 3. d4 Nf6 4. Nc3 exd4 5. Nxd4 Be7 6. Bc4 O-O 7. O-O a6 8.
Qd3 b5 9. Bb3 c5 10. Ndxb5 axb5 11. Nxb5 Ba6 12. c4 Nc6 13. Bf4 Nb4 14. Qh3 Bc8
15. Qe3 Ng4 16. Qg3 Bh4 17. Qf3 Ne5 18. Qe3 Ng4 19. Qd2 Ne5 20. Nxd6 Nbd3 21.
Bxe5 Nxe5 22. Qd5 Be6 23. Qxe5 Bf6 24. Qxc5 Bxb2 25. Rad1 Ba3 26. Qd4 Qg5 27.
Qc3 Rfd8 28. Nb5 Rxd1 29. Rxd1 Be7 30. Nc7 Rd8 31. Rxd8+ Bxd8 32. Nxe6 fxe6 33.
g3 Bf6 34. Qd3 Qc5 35. Qe2 g6 36. Kg2 h5 37. Qd2 Kg7 38. h3 e5 39. f4 exf4 40.
Qxf4 Be5 41. Qd2 Qc7 42. Qe3 Bd6 43. Qd3 Qe7 44. Bc2 Qe5 45. h4 Kh6 46. Qe3+
Kg7 47. a4 Bc5 48. Qd3 g5 49. hxg5 Qxg5 50. Qd5 Qe3 51. Qd7+ Kf6 52. Qf5+ Kg7
53. Qxh5 Qg1+ 54. Kh3 Qf1+ 55. Kh4 Be7+ 56. Qg5+ Bxg5+ 57. Kxg5 0-1

[Event "Madrid ch Veteranos  2019-2020"]
[Site "Maddrid ESP"]
[Date "2020.01.16"]
[Round "4.33"]
[White "Jimenez Ascarza, Jose Ignacio"]
[Black "Rodriguez Bachiller, Luis"]
[Result "1-0"]
[WhiteElo "1436"]
[BlackElo "1568"]
[PlyCount "57"]
[EventDate "2020.01.13"]
[EventType "swiss"]
[EventRounds "9"]
[EventCountry "ESP"]
[SourceTitle "Ajedrez en Madrid"]
[Source "lmi"]
[SourceDate "2020.01.13"]
[SourceVersion "1"]
[SourceVersionDate "2020.01.27"]
[SourceQuality "1"]

1. e4 c5 2. Nf3 e6 3. d4 cxd4 4. Nxd4 Nc6 5. Be3 Nf6 6. Bd3 Bb4+ 7. c3 Ba5 8.
O-O Ne5 9. Bc2 a6 10. a4 Nc4 11. Bc1 d6 12. b3 Ne5 13. f4 Nc6 14. Ba3 Bb6 15.
Kh1 Nxd4 16. cxd4 O-O 17. e5 Ne8 18. Qd3 f5 19. exf6 Nxf6 20. Nc3 g6 21. Rae1
Re8 22. Ne4 Bc7 23. Ng5 Qd7 24. Rf3 b5 25. Rh3 Bb7 26. Nxh7 Nxh7 27. Qxg6+ Qg7
28. Qxg7+ Kxg7 29. Rxh7+ 1-0